MARC details
| 000 -CABECERA |
| campo de control de longitud fija |
03333nam a2200421 4500 |
| 003 - IDENTIFICADOR DEL NÚMERO DE CONTROL |
| campo de control |
CHAP |
| 005 - FECHA Y HORA DE LA ÚLTIMA TRANSACCIÓN |
| campo de control |
20240130141827.0 |
| 007 - CAMPO FIJO DE DESCRIPCIÓN FÍSICA--INFORMACIÓN GENERAL |
| campo de control de longitud fija |
ta |
| 008 - DATOS DE LONGITUD FIJA--INFORMACIÓN GENERAL |
| campo de control de longitud fija |
231020s2019 sp ao|||r|||| 001 0 sp d |
| 020 ## - NÚMERO INTERNACIONAL ESTÁNDAR DEL LIBRO |
| Número Internacional Estándar del Libro |
978-84-200-1193-6 |
| 040 ## - FUENTE DE LA CATALOGACIÓN |
| Centro catalogador/agencia de origen |
Z |
| Centro/agencia transcriptor |
CHAP |
| Normas de descripción |
rda |
| 082 00 - NÚMERO DE LA CLASIFICACIÓN DECIMAL DEWEY |
| Número de clasificación |
636.39089 |
| Número de documento/Ítem |
M38 2019 |
| Número de edición |
20 |
| 100 1# - ENTRADA PRINCIPAL--NOMBRE DE PERSONA |
| 9 (RLIN) |
73080 |
| Nombre de persona |
Matthews, John |
| Término indicativo de función/relación |
autor |
| 245 00 - MENCIÓN DE TÍTULO |
| Título |
Enfermedades de la cabra / |
| Mención de responsabilidad, etc. |
John G. Matthews; traducción Jesús García Sánchez |
| 250 ## - MENCIÓN DE EDICIÓN |
| Mención de edición |
Segunda edición |
| 264 #1 - PRODUCCIÓN, PUBLICACIÓN, DISTRIBUCIÓN, FABRICACIÓN Y COPYRIGHT |
| Producción, publicación, distribución, fabricación y copyright |
Zaragoza, España: |
| Nombre del de productor, editor, distribuidor, fabricante |
Acribia, |
| Fecha de producción, publicación, distribución, fabricación o copyright |
2019 |
| 300 ## - DESCRIPCIÓN FÍSICA |
| Extensión |
xi, 492 páginas: |
| Otras características físicas |
ilustraciones, fotografías |
| 336 ## - TIPO DE CONTENIDO |
| Fuente |
rdacontent |
| Término de tipo de contenido |
texto |
| Código de tipo de contenido |
txt |
| 337 ## - TIPO DE MEDIO |
| Fuente |
rdamedia |
| Nombre/término del tipo de medio |
sin medio |
| Código del tipo de medio |
n |
| 338 ## - TIPO DE SOPORTE |
| Fuente |
rdacarrier |
| Nombre/término del tipo de soporte |
volumen |
| Código del tipo de soporte |
nc |
| 500 ## - NOTA GENERAL |
| Nota general |
ej.1: consumo |
| 505 0# - NOTA DE CONTENIDO CON FORMATO |
| Información miscelánea |
Capítulo 1. Infertilidad de la hembra.-- Capítulo 2. Aborto.-- Capítulo 3. Infertilidad del macho.-- Capítulo 4. La cabra en el periodo del periparto.-- 5. Cabritos débiles.-- 6. Crecimiento inadecuado.-- Capítulo 7. Cojeras en las cabras adultas.-- Capítulo 8. Cojeras en cabritos.-- Capítulo 9. Pérdida crónica de peso.-- Capítulo 10. Abultamientos externos.-- Capítulo 11. Procesos de la piel.-- Capítulo12. Enfermedades nerviosas.-- Capítulo 13. Enfermedades de la glándula mamaria.-- Capítulo 14. Diarrea.-- Capítulo 15. Cólico.-- Capítulo 16. Distensión abdominal.-- Capítulo 17. Enfermedades respiratorias.-- Capítulo 18. Anemia.-- Capítulo 19. Muerte súbita, examen post mortem y eutanasia.-- Capítulo 20. Enfermedades de los ojos.-- Capítulo 21. Intoxicación por plantas.-- Capitulo 22. La cabra geriátrica.-- Capítulo 23. Sanidad y bioseguridad de la explotación.-- Anestesia.-- Capítulo 25. Desbotonado y descornado.-- Capítulo 26. Técnicas quirúrgicas |
| 520 ## - SUMARIO, ETC. |
| Sumario, etc. |
Esta nueva edición de enfermedades de la cabra presenta numerosas actualizaciones y revisiones y constituye la herramienta ideal para el veterinario encargado del tratamiento de cabras. Este manual conciso y altamente práctico aborda todos los aspectos de la medicina caprina, desde la valoración y el examen inicial hasta el diagnóstico, el tratamiento y el control de cualquier enfermedad. Nuevo en esta edición: <br/>- Aporta información sobre predadores, eutanasia, técnica de necropsia y resolución<br/> de fracturas. <br/>- Recoge la última información sobre diversas enfermedades exóticas y sobre su diseminación geográfica en años recientes, incluyendo los brotes de tuberculosis y otras enfermedades previamente no observadas de las cabras domésticas.<br/>- Incluye una mayor cobertura de numerosos temas de interés para una audiencia internacional, especialmente en relación con plantas tóxicas. <br/>Compactada, práctica y totalmente actualizada, esta nueva edición de enfermedades de las cabras incrementa su reputación como una guía de referencia manejable e inestimable para veterinarios y todos aquellos implicados en la salud de las cabras. |
| 534 ## - NOTA SOBRE LA VERSIÓN ORIGINAL |
| Frase introductoria |
Título original: Diseases of goat, 4a. ed. |
| 650 13 - PUNTO DE ACCESO ADICIONAL DE MATERIA--TÉRMINO DE MATERIA |
| 9 (RLIN) |
137331 |
| Término de materia o nombre geográfico como elemento de entrada |
Cabras |
| 650 17 - PUNTO DE ACCESO ADICIONAL DE MATERIA--TÉRMINO DE MATERIA |
| 9 (RLIN) |
143023 |
| Término de materia o nombre geográfico como elemento de entrada |
Cabras Enfermedades |
| 650 13 - PUNTO DE ACCESO ADICIONAL DE MATERIA--TÉRMINO DE MATERIA |
| 9 (RLIN) |
137478 |
| Término de materia o nombre geográfico como elemento de entrada |
Medicina veterinaria |
| 700 1# - PUNTO DE ACCESO ADICIONAL--NOMBRE DE PERSONA |
| 9 (RLIN) |
188182 |
| Nombre de persona |
García Sánchez, Jesús |
| Término indicativo de función/relación |
traductor |
| 942 ## - ELEMENTOS DE PUNTO DE ACCESO ADICIONAL (KOHA) |
| Fuente del sistema de clasificación o colocación |
Dewey Decimal Classification |
| 942 ## - ELEMENTOS DE PUNTO DE ACCESO ADICIONAL (KOHA) |
| Fuente del sistema de clasificación o colocación |
Dewey Decimal Classification |
| 942 ## - ELEMENTOS DE PUNTO DE ACCESO ADICIONAL (KOHA) |
| Fuente del sistema de clasificación o colocación |
Dewey Decimal Classification |
| 942 ## - ELEMENTOS DE PUNTO DE ACCESO ADICIONAL (KOHA) |
| Fuente del sistema de clasificación o colocación |
Dewey Decimal Classification |
| 942 ## - ELEMENTOS DE PUNTO DE ACCESO ADICIONAL (KOHA) |
| Fuente del sistema de clasificación o colocación |
Dewey Decimal Classification |
| 942 ## - ELEMENTOS DE PUNTO DE ACCESO ADICIONAL (KOHA) |
| Fuente del sistema de clasificación o colocación |
Dewey Decimal Classification |
| 942 ## - ELEMENTOS DE PUNTO DE ACCESO ADICIONAL (KOHA) |
| Fuente del sistema de clasificación o colocación |
Dewey Decimal Classification |
| 942 ## - ELEMENTOS DE PUNTO DE ACCESO ADICIONAL (KOHA) |
| Fuente del sistema de clasificación o colocación |
Dewey Decimal Classification |
| 942 ## - ELEMENTOS DE PUNTO DE ACCESO ADICIONAL (KOHA) |
| Tipo de ítem Koha |
Libro |